书目信息 |
| 题名: |
国外现代建筑画
|
|
| 作者: | 吴明 主编 | |
| 分册: | ||
| 出版信息: | 哈尔滨 黑龙江科学技术出版社 1998.06 |
|
| 页数: | 192页 | |
| 开本: | 16开 | |
| 丛书名: | ||
| 单 册: | ||
| 中图分类: | TU204 | |
| 科图分类: | ||
| 主题词: | 建筑设计 | |
| 电子资源: | ||
| ISBN: | 7-5388-2381-6 | |
| 000 | 00550nam0 2200193 45 | |
| 001 | 0007261515 | |
| 005 | 20000726154113.9 | |
| 010 | @a7-5388-2381-6@d66.00元 | |
| 100 | @a20000726d1998 km y0chiy0120 ea | |
| 101 | 0 | @achi |
| 105 | @a z 000yy | |
| 200 | 1 | @a国外现代建筑画@AGuo Wai Xian Dai Jian Zhu Hua@f吴明主编@FWu Ming Zhu Bian |
| 210 | @a哈尔滨@c黑龙江科学技术出版社@d1998.06 | |
| 215 | @a192页@d16开 | |
| 606 | 0 | @a建筑设计 |
| 690 | @aTU204@v3 | |
| 701 | 0 | @a吴明@4主编 |
| 801 | @aCN@bPftUser@c20000726 | |
| 905 | @b79571-575@dTU204@eW.532@f5 | |
| 国外现代建筑画/吴明主编.-哈尔滨:黑龙江科学技术出版社,1998.06 |
| 192页;16开 |
| ISBN 7-5388-2381-6:66.00元 |
| ● |
| 相关链接 |
|
|
|
正题名:国外现代建筑画
索取号:TU204/W.532
 
预约/预借
| 序号 | 登录号 | 条形码 | 馆藏地/架位号 | 状态 | 备注 |
| 1 | 309900 | 203099002 | 建筑库101/ [索取号:TU204/W.532] | 在馆 | |
| 2 | 309901 | 203099011 | 建筑库101/101建筑库 109排2列5层/ [索取号:TU204/W.532] | 在馆 | |
| 3 | 79571 | 200795719 | 建筑库101/101建筑库 109排2列5层/ [索取号:TU204/W.532] | 在馆 | |
| 4 | 79572 | 200795728 | 建筑库101/101建筑库 109排2列5层/ [索取号:TU204/W.532] | 在馆 | |
| 5 | 79573 | 200795737 | 建筑库101/101建筑库 109排2列5层/ [索取号:TU204/W.532] | 在馆 | |
| 6 | 79574 | 200795746 | 自科二线404/404自科库 26排5列2层/ [索取号:TU204/W.532] | 在馆 | |
| 7 | 79575 | 200795755 | 建筑库101/101建筑库 109排2列5层/ [索取号:TU204/W.532] | 在馆 |